[Event "Summer Chess Classic B 2018"]
[Site "Saint Louis"]
[Date "2018.05.23"]
[Round "9"]
[White "Belous, Vladimir"]
[Black "Saduakassova, Dinara"]
[Result "1-0"]
[WhiteElo "2585"]
[BlackElo "2484"]
[Annotator "TA"]
[PlyCount "93"]
[EventDate "2018.??.??"]
[EventType "tourn"]
[EventCountry "USA"]
[SourceTitle "playchess.com"]
[Source "ChessBase"]
[SourceQuality "1"]

{[%evp 9,93,-5,-8,-24,-3,-12,1,-5,3,-4,20,18,18,20,21,8,16,0,0,0,0,-23,-26,-15,-15,-34,-39,-25,-25,-56,-60,-37,43,26,57,54,51,47,48,55,29,0,9,0,7,0,11,0,0,0,0,0,0,0,0,0,0,-35,55,33,49,34,141,114,245,225,230,212,262,207,941,936,939,766,1004,889,1453,1395,1370,1322,6087,9264,29939,6417,29981,5269]} 1. c4 b6 2. b3 Nf6 3. Bb2 Bb7 4. Nf3 (4. Bxf6 exf6 5. Nc3 f5 6. e3 g6 7. Nf3 Bg7 8. Rc1 O-O 9. g3 Nc6 10. Bg2 Ne7 {1-0 (39) McShane,L (2640)-Salgado Lopez,I (2644) Riadh 2017}) 4... g6 5. d3 Bg7 6. e4 {A10: English Opening: Unusual Replies for Black} d6 7. Nc3 c5 $146 ({Predecessor:} 7... e5 8. g3 O-O 9. Bg2 Nc6 10. O-O Nd7 11. Nd5 a5 {1-0 (56) Tolonen,L (2329)-Saastamoinen,A (2193) Lahti 1999}) 8. g3 {The position is equal.} O-O 9. Bg2 Nbd7 10. O-O a6 11. a3 e6 12. Re1 Qc7 13. d4 cxd4 14. Nxd4 Rac8 15. Ndb5 axb5 16. Nxb5 Qb8 {Hoping for ...Rfd8.} 17. Nxd6 e5 18. Nxc8 Rxc8 19. Bh3 Rd8 {[%mdl 1024] Black has compensation.} 20. f3 Bh6 ({Black should try} 20... Nc5 $15 21. Bxe5 Qa8) 21. Qc2 $14 Nc5 {...Rd2 is the strong threat.} 22. Rad1 Re8 23. b4 $1 {[%cal Rb4c5]} Ne6 24. Bxe6 Rxe6 25. Rd3 Bf8 26. Red1 Be7 27. Bc1 Nxe4 28. fxe4 Bxe4 29. Rd8+ Bxd8 30. Qxe4 Qc8 31. Be3 Be7 32. Kg2 Kg7 33. c5 bxc5 (33... Qa6 $1 $15 34. Qd3 bxc5 35. bxc5 Qc6+ 36. Qd5 Qxd5+ 37. Rxd5 Kf6) 34. b5 $1 f5 35. Qd5 Kf6 ({Black should play} 35... f4 $1 $14 36. gxf4 Bd6) 36. h4 $1 $16 Kg7 {[#]} (36... Qc7 $16) 37. a4 $1 $18 {[%cal Ba3a4,Ba4a5][%mdl 32]} f4 {[#]} 38. Bc1 $1 fxg3 39. Bb2 Bf6 $2 (39... Bd6 40. Rf1 (40. Kxg3 Rf6 $14) 40... Qd7) 40. Qd7+ Qxd7 41. Rxd7+ {[%mdl 4096] Endgame KRB-KRB} Kh6 42. a5 e4 43. Bxf6 Rxf6 44. b6 {[%cal Bb5b6,Bb6b7][%mdl 32]} e3 45. Re7 Rf2+ 46. Kxg3 Ra2 47. b7 {Precision: White = 78%, Black = 34%.} 1-0

[Event "Summer Chess Classic B 2018"]
[Site "Saint Louis"]
[Date "2018.05.23"]
[Round "9"]
[White "Ramirez, Alejandro"]
[Black "Abrahamyan, Tatev"]
[Result "1-0"]
[WhiteElo "2572"]
[BlackElo "2354"]
[Annotator "TA"]
[PlyCount "73"]
[EventDate "2018.??.??"]
[EventType "tourn"]
[EventCountry "USA"]
[SourceTitle "playchess.com"]
[Source "ChessBase"]
[SourceQuality "1"]

{[%evp 21,73,34,51,39,60,68,60,62,101,92,110,105,120,113,117,108,116,103,105,112,112,112,112,112,115,110,157,154,159,147,164,143,131,136,206,202,196,193,200,187,197,191,250,227,268,268,291,283,319,318,343,368,338,333]} 1. Nf3 Nf6 2. b3 e6 3. Bb2 Be7 4. g3 b6 5. Bg2 Bb7 6. O-O O-O 7. c4 c5 8. Nc3 d6 9. d4 cxd4 10. Qxd4 {A30: Englische Eröffnung (Symmetrische Variante)} a6 11. Rfd1 (11. e4 Nbd7 12. h3 Qc7 13. Rfe1 Rfe8 14. Qe3 Bf8 15. Nd4 g6 16. Rad1 Rad8 17. Ba1 Qb8 18. Qd2 Bg7 19. g4 Nc5 {0-1 (53) Karjakin,S (2760)-Ivanchuk,V (2729) Medias 2017}) 11... Qc7 {LiveBook: 32 Partien} 12. Ba3 {[%cal Ra3d6] Weiß steht etwas besser.} Ne8 13. Qe3 $146 ({Vorgänger:} 13. Rac1 Nd7 14. e4 Nc5 15. Qe3 Nf6 16. Nd4 Rac8 17. Bb2 Qb8 18. h4 {0-1 (40) Kostanjsek,Z (2230)-Bozinovic,B (2255) Medulin 1997}) 13... Nf6 14. Rac1 Rd8 15. Bh3 Bf8 16. Nd5 exd5 17. cxd5 Qe7 18. Qxe7 Bxe7 19. Rc7 $1 {[%csl LRb7,LRe7]} Bxd5 20. Rxe7 Nc6 21. Re3 Re8 22. Rxe8+ Rxe8 23. Kf1 $36 {[%mdl 2048] Weiss hat starke Initiative.} Bxf3 24. exf3 d5 25. Bb2 Rd8 26. Bf5 Nb4 27. Bb1 b5 (27... a5 $16 {war einen Versuch wert.} 28. Be5 Na6) 28. Rc1 $18 d4 {[#]} 29. Bxd4 $1 {[%mdl 512]} Nbd5 (29... Rxd4 30. Rc8+) 30. a3 Ne8 31. Bb2 Nec7 (31... f6 {ist wohl besser.} 32. Be4 Ne7) 32. Rc6 Ne6 33. Be4 ({Weniger gut wäre} 33. Rxa6 Ndc7 $14) 33... Ndc7 34. f4 g6 35. Be5 Rd7 36. f5 gxf5 37. Bxf5 {Precision: Weiß = 89%, Schwarz = 47%.} 1-0

[Event "Summer Chess Classic B 2018"]
[Site "Saint Louis"]
[Date "2018.05.23"]
[Round "9"]
[White "Matsenko, Sergei"]
[Black "Dragun, Kamil"]
[Result "1/2-1/2"]
[WhiteElo "2563"]
[BlackElo "2591"]
[Annotator "TA"]
[PlyCount "82"]
[EventDate "2018.??.??"]
[EventType "tourn"]
[EventCountry "USA"]
[SourceTitle "playchess.com"]
[Source "ChessBase"]
[SourceQuality "1"]

{[%evp 13,82,0,4,0,8,4,2,-38,13,3,24,32,38,0,5,7,58,49,158,172,181,172,183,181,170,144,151,69,69,68,70,64,67,17,18,22,17,17,15,19,52,62,63,26,43,50,30,40,39,0,0,4,4,4,10,0,0,0,0,0,0,0,0,0,0,0,0,0,0,0,0]} 1. Nf3 d5 2. g3 Nc6 3. d4 Bf5 4. c3 e6 5. Bg2 h6 6. O-O {D02: 1 d4 d5 2 Nf3 sidelines, including 2...Nf6 3 g3 and 2...Nf6 3 Bf4} Nf6 7. Nbd2 Bd6 {LiveBook: 3 Games} (7... a5 8. a4 Bd6 9. Re1 Bh7 10. Nh4 Ne4 11. Nhf3 O-O 12. Nxe4 Bxe4 {1-0 (37) Kuzubov,Y (2699)-Bosiocic,M (2624) Riadh 2017}) 8. Re1 Bh7 $146 ({Predecessor:} 8... O-O 9. Nh4 Bh7 10. e4 dxe4 11. Nxe4 Nxe4 12. Bxe4 Bxe4 13. Rxe4 Qf6 14. Qh5 Rfe8 15. Bd2 {1-0 (47) Sedlacek,O (2289)-Koutny,P (2196) Czechia 2010}) 9. b4 O-O 10. a3 a5 ({Better is} 10... b5 $15) 11. b5 $11 Ne7 12. c4 {And now c5 would win.} c5 13. cxd5 Nexd5 14. Bb2 {Hoping for e4.} Ne4 (14... cxd4 $11 15. Bxd4 Ne4) 15. Rc1 $14 {Nxe4 is the strong threat.} Ndf6 (15... cxd4 $14 16. Nxe4 (16. Nxd4 Nxd2 17. Qxd2 Be7 $14) 16... Bxe4) 16. Nxe4 $16 Nxe4 17. Nd2 Nxd2 18. Qxd2 Qb6 19. a4 Rfd8 20. Red1 (20. Qe3 $16 Rdc8 21. Rc4) 20... e5 $1 $14 21. d5 ({Of course not} 21. dxe5 Bxe5 22. Bxe5 Rxd2 $15) 21... e4 22. Rc4 Re8 23. e3 (23. Qc3 {with more complications.} Be5 24. Qc1 e3 25. fxe3 Bxb2 26. Qxb2 Rxe3 27. Bf3) 23... Qc7 24. Qc2 {[%cal Rg2e4]} f5 25. b6 Qxb6 26. Ba3 {[%cal Ra3c5]} Rec8 27. Rc1 Bg6 28. g4 ({Much worse is} 28. Bxc5 Rxc5 29. Rxc5 Bxc5 $11) 28... f4 29. Bxe4 Bxe4 30. Rxe4 fxe3 31. fxe3 Re8 {The position is equal.} 32. Bxc5 Bxc5 33. Qxc5 Qg6 34. Rf4 Qd3 $1 35. Qd4 Rxe3 36. Rd1 (36. Rc7 {is interesting.} Re1+ 37. Kg2 Re2+ 38. Kf1 Qxd4 39. Rxd4 Rae8 40. g5) 36... Qxd4 37. Rfxd4 Rd8 38. Rb1 Re5 39. d6 Rd7 40. Kg2 Kf7 41. h4 Ke6 {Precision: White = 69%, Black = 67%.} 1/2-1/2

[Event "Summer Chess Classic B 2018"]
[Site "Saint Louis"]
[Date "2018.05.23"]
[Round "9"]
[White "Ali Marandi, Cemil Can"]
[Black "Aghasaryan, Robert"]
[Result "1/2-1/2"]
[WhiteElo "2521"]
[BlackElo "2532"]
[Annotator "TA"]
[PlyCount "61"]
[EventDate "2018.??.??"]
[EventType "tourn"]
[EventCountry "USA"]
[SourceTitle "playchess.com"]
[Source "ChessBase"]
[SourceQuality "1"]

{[%evp 32,61,31,40,50,48,48,34,48,41,58,58,68,58,66,66,66,65,77,43,43,43,43,43,43,20,20,20,20,0,23,0]} 1. e4 e5 2. Nf3 Nc6 3. Nc3 Nf6 4. d4 exd4 5. Nxd4 Bb4 6. Nxc6 bxc6 7. Bd3 d5 8. exd5 cxd5 9. O-O O-O 10. Bg5 c6 11. Qf3 h6 12. Bxf6 Qxf6 13. Qxf6 gxf6 14. Ne2 Bd6 15. Nd4 {C47: Schottisches Vierspringerspiel} c5 16. Nf5 Bxf5 17. Bxf5 {LiveBook: 19 Partien. Weiß steht etwas besser.} Rab8 (17... Be5 18. Rad1 Bxb2 19. Rxd5 Bd4 20. c3 Bxc3 21. Rxc5 Bd4 22. Rc4 Rfd8 23. Rfc1 Bb6 24. Rc8 Raxc8 25. Rxc8 Rxc8 26. Bxc8 {½-½ (26) Ganguly,S (2650)-Harikrishna,P (2744) Riadh 2017}) 18. b3 Rfe8 19. Rfe1 Kf8 $146 ({Vorgänger:} 19... Re5 20. Bd3 Rbe8 21. Kf1 Kf8 22. g3 R8e7 {½-½ (32) Lillo Castany,V (2287)-Alonso Garcia,R (2397) Pamplona 2010}) 20. g3 Rxe1+ 21. Rxe1 $14 {[%mdl 4096] Endspiel KTL-KTL} Bc7 22. Kg2 Re8 23. Rxe8+ Kxe8 {KL-KL} 24. Kf3 Ke7 25. h4 Ba5 26. Ke2 Kd6 27. Bg4 Ke5 28. Bh5 Ke6 29. Bf3 Ke5 30. Bh5 Ke6 31. Bf3 {Precision: Weiß = 48%, Schwarz = 21%.} 1/2-1/2